|
|
|
|
| LEADER |
00000nam0a2200000 4500 |
| 001 |
254569 |
| 005 |
20231101232940.0 |
| 020 |
|
|
|a RU
|b 89-46303
|
| 035 |
|
|
|a (RuTPU)RU\TPU\book\277051
|
| 090 |
|
|
|a 254569
|
| 100 |
|
|
|a 20140321d1986 m y0rusy5003 ca
|
| 101 |
0 |
|
|a rus
|
| 102 |
|
|
|a RU
|
| 105 |
|
|
|a a j 001zy
|
| 200 |
1 |
|
|a Математическое моделирование изделий и технологий
|e учебное пособие
|f В. А. Гришин, В. А. Камаев
|
| 210 |
|
|
|a Волгоград
|c Изд-во ВолгПИ
|d 1986
|
| 215 |
|
|
|a 193 с.
|c ил.
|
| 320 |
|
|
|a Библиогр.: с. 189-191 (45 назв.).
|
| 606 |
1 |
|
|a Техническое моделирование
|2 stltpush
|3 (RuTPU)RU\TPU\subj\79681
|9 87937
|
| 610 |
1 |
|
|a технические системы
|
| 610 |
1 |
|
|a технологическое проектирование
|
| 610 |
1 |
|
|a математические методы
|
| 610 |
1 |
|
|a математические модели
|
| 610 |
1 |
|
|a изделия
|
| 610 |
1 |
|
|a учебные пособия
|
| 675 |
|
|
|a 62:001.894(075.8)
|z rus
|v 3
|
| 700 |
|
1 |
|a Гришин
|b В. А.
|g Владислав Александрович
|
| 701 |
|
1 |
|a Камаев
|b В. А.
|g Валерий Анатольевич
|
| 801 |
|
0 |
|a RU
|b RuMRKP
|c 19950417
|g psbo
|
| 801 |
|
1 |
|a RU
|b 63413507
|c 20140321
|
| 801 |
|
2 |
|a RU
|b 63413507
|c 20220804
|g RCR
|
| 942 |
|
|
|c BK
|